[Event "TePe Sigeman Co 2022"]
[Site "Malmo"]
[Date "2022.05.05"]
[Round "3.2"]
[White "Niemann, Hans Moke"]
[Black "Erigaisi Arjun"]
[Result "1-0"]
[WhiteElo "2656"]
[BlackElo "2675"]
[Annotator "TA"]
[PlyCount "135"]
[EventDate "2022.05.03"]
[EventType "tourn"]
[EventCountry "SWE"]
[SourceTitle "playchess.com"]
[Source "ChessBase"]
[SourceQuality "1"]

{[%evp 15,135,25,26,20,30,17,31,12,18,0,0,8,25,0,0,0,0,0,0,8,58,0,26,27,60,77,62,56,70,67,58,58,52,54,48,51,53,27,61,26,37,29,46,43,47,33,46,50,81,46,54,46,47,15,53,48,58,24,57,46,49,0,96,106,107,62,61,77,182,130,128,85,132,132,128,133,136,130,181,166,181,151,145,135,250,261,249,163,321,343,324,327,426,415,420,395,366,348,352,353,408,393,639,638,790,755,1476,1295,1177,1155,1038,1040,1054,1045,1010,1006,999,985,964,925,829,807]} 1. d4 {[%emt 0:00:04]} d5 {[%emt 0:03:15]} 2. c4 {[%emt 0:00:27]} c6 {[%emt 0:00:06]} 3. Nf3 {[%emt 0:01:20]} Nf6 {[%emt 0:00:07]} 4. e3 {[%emt 0:00:14]} Bf5 {[%emt 0:00:07]} 5. Nc3 {[%emt 0:01:28]} e6 {[%emt 0:00:23]} 6. Nh4 {[%emt 0:00:13]} Be4 {[%emt 0:00:07]} 7. f3 {[%emt 0:00:08]} Bg6 {[%emt 0:00:05]} 8. Qb3 {[%emt 0:00:07]} Qc7 {[%emt 0:00:06]} 9. Bd2 {[%emt 0:00:14] D12: Slav Defence: 3 Nf3 Nf6 4 e3 Bf5.} Be7 {[%emt 0:00:07]} 10. Nxg6 {[%emt 0:00:28]} hxg6 {[%emt 0:00:07]} 11. O-O-O {[%emt 0:00:11] White is slightly better.} dxc4 {[%emt 0:00:07]} 12. Qxc4 {[%emt 0:00:46]} a6 {[%emt 0:01:48]} 13. Kb1 {[%emt 0:00:46] 13.h4 is a critical line.} Nbd7 {[%emt 0:00:12] [#]} 14. h4 $146 {[%emt 0:01:24]} ({Predecessor:} 14. e4 Rxh2 15. Rxh2 Qxh2 16. Qb3 Rb8 17. Ne2 g5 18. Bxg5 Nh5 19. Be3 g5 20. d5 exd5 21. exd5 {1-0 (31) Erdos,V (2599)-Niemann,H (2680) Dubai 2021}) 14... c5 {[%emt 0:04:26]} 15. Qb3 {[%emt 0:06:18]} cxd4 {[%emt 0:17:28]} 16. exd4 {[%emt 0:00:36]} Qb6 {[%emt 0:00:07]} 17. Qa4 {[%emt 0:10:37]} Qc6 {[%emt 0:13:30] [#]} (17... Rc8 $11) 18. Bb5 $1 {[%emt 0:04:16]} Qc8 {[%emt 0:00:24]} (18... Qd6 19. Bd3) 19. Bd3 {[%emt 0:00:26]} Qc6 {[%emt 0:09:02]} 20. Qxc6 $1 {[%emt 0:14:53]} bxc6 {[%emt 0:00:23]} 21. Na4 {[%emt 0:00:22]} Nd5 {[%emt 0:16:21]} 22. Rc1 {[%emt 0:02:18]} Bb4 {[%emt 0:02:05]} 23. Bxb4 {[%emt 0:04:55]} Nxb4 {[%emt 0:00:06] Pair of Knights!} 24. Be2 {[%emt 0:00:14]} Nb8 {[%emt 0:00:07]} 25. g3 {[%emt 0:03:55]} Ke7 {[%emt 0:00:24]} 26. Nc5 {[%emt 0:05:36]} Ra7 {[%emt 0:03:26]} 27. f4 {[%emt 0:03:01]} Rd8 {[%emt 0:01:03]} 28. Rhd1 {[%emt 0:02:30]} a5 {[%emt 0:02:01]} 29. Bf3 {[%emt 0:03:49]} Nd5 {[%emt 0:02:24]} 30. Re1 {[%emt 0:01:35]} Nd7 {[%emt 0:02:39]} 31. Nd3 {[%emt 0:00:43]} Kd6 {[%emt 0:01:13]} 32. Re2 {[%emt 0:07:49]} Ra6 {[%emt 0:01:30]} 33. Rec2 {[%emt 0:01:30]} Rc8 {[%emt 0:02:27]} 34. b3 {[%emt 0:13:31]} Ne3 {[%emt 0:10:53]} 35. Rd2 {[%emt 0:01:02]} Nd5 {[%emt 0:04:19]} 36. Nb2 {[%emt 0:01:27]} Rc7 {[%emt 0:00:49]} 37. Rdc2 {[%emt 0:02:19]} Ne3 {[%emt 0:01:03]} 38. Rd2 {[%emt 0:00:51]} (38. Rc3 $14 {might be stronger.} Nf5 39. Bg2) 38... Nf5 {[%emt 0:01:09]} (38... Nd5 $11) 39. g4 $16 {[%emt 0:02:54]} Ne3 {[%emt 0:02:40]} 40. Re1 {[%emt 0:00:55]} Nd5 {[%emt 0:00:07]} 41. f5 $1 $36 {[%emt 0:02:23][%mdl 2048] White is really pushing.} Rc8 {[%emt 0:02:28]} (41... Nf8 $16) 42. Nc4+ {[%emt 0:07:25]} (42. fxe6 $18 fxe6 43. g5) 42... Ke7 {[%emt 0:00:22]} 43. h5 {[%emt 0:00:59]} g5 {[%emt 0:03:05]} (43... a4 $142) 44. a4 {[%emt 0:00:50]} Nf4 {[%emt 0:02:40]} 45. Ka2 {[%emt 0:01:21] White is much more active.} Rb8 {[%emt 0:06:57]} 46. Ka3 {[%emt 0:00:58]} Rd8 {[%emt 0:02:26]} (46... Rf8 $16 47. Rh2 Kf6) 47. fxe6 $18 {[%emt 0:02:51]} fxe6 {[%emt 0:00:19]} 48. Rc2 {[%emt 0:01:35]} Rf8 {[%emt 0:00:45]} 49. Be4 {[%emt 0:01:31]} Kd8 {[%emt 0:01:39]} (49... Nd5 $16 {keeps fighting.} 50. Rh2 Rf6) 50. Nd2 {[%emt 0:02:26]} Nf6 {[%emt 0:01:08]} 51. Bf3 {[%emt 0:01:21]} ({Don't take} 51. Rxc6 $6 Rxc6 52. Bxc6 Nxg4) (51. Bxc6 Nxg4 52. Bb7 Rd6) 51... g6 $2 {[%emt 0:03:53]} (51... N6d5 {is a better defense.} 52. Re5 Nb4) 52. hxg6 {[%emt 0:02:14]} Rg8 {[%emt 0:00:05]} 53. Nc4 {[%emt 0:00:48]} ({Don't do} 53. Rxc6 $6 Rxc6 54. Bxc6 Rxg6 $18) ({Much less strong is} 53. Bxc6 $6 Rxg6 54. Rh1 Rg7 55. Rh8+ Ke7 $18) 53... Nd7 {[%emt 0:00:24]} 54. Rh2 {[%emt 0:02:11]} Rxg6 {[%emt 0:01:10]} 55. Rh8+ {[%emt 0:00:06]} Kc7 {[%emt 0:00:30]} 56. Rh7 {[%emt 0:00:04] Prevents Rg7. Hoping for Ne5.} Kd8 {[%emt 0:00:33]} 57. Reh1 {[%emt 0:00:45] aiming for Rh8+.} Rf6 {[%emt 0:02:24]} 58. Rg7 {[%emt 0:04:08]} Ng6 {[%emt 0:00:42] Inhibits Rh8+.} (58... Rf8 59. Rhh7 Nf6) 59. Be4 {[%emt 0:00:23] White is clearly winning.} Ngf8 {[%emt 0:00:17]} 60. Ne5 {[%emt 0:01:44]} Rf4 {[%emt 0:00:50] [#]} 61. Rh8 $1 {[%emt 0:03:36]} Nxe5 {[%emt 0:00:12]} 62. dxe5 {[%emt 0:00:09][%cal Oe4f5] Bf5! would kill now.} c5 {[%emt 0:00:28] [#]} 63. Bf5 $1 {[%emt 0:00:32][%cal Rh8f8][%mdl 512]} Ke8 {[%emt 0:00:17]} 64. Bg6+ {[%emt 0:00:16]} Kd8 {[%emt 0:00:07]} 65. Bf7 {[%emt 0:00:34]} Ke7 {[%emt 0:00:19] [#]} 66. Bxe6+ $1 {[%emt 0:01:06][%mdl 512]} Kxe6 {[%emt 0:00:19]} 67. Rh6+ {[%emt 0:00:04][%mdl 64] Skewer} Kxe5 {[%emt 0:00:10]} 68. Rxg5+ {[%emt 0:00:10] Weighted Error Value: White=0.11 (very precise) /Black=0.27 (precise)} 1-0

[Event "TePe Sigeman Co 2022"]
[Site "Malmo"]
[Date "2022.05.05"]
[Round "3.3"]
[White "Grandelius, Nils"]
[Black "Navara, David"]
[Result "1/2-1/2"]
[WhiteElo "2635"]
[BlackElo "2682"]
[Annotator "TA"]
[PlyCount "87"]
[EventDate "2022.05.03"]
[EventType "tourn"]
[EventCountry "SWE"]
[SourceTitle "playchess.com"]
[Source "ChessBase"]
[SourceQuality "1"]

{[%evp 16,87,19,21,18,10,12,8,22,0,29,26,32,17,32,13,16,24,27,17,41,22,25,14,22,23,58,39,70,70,69,70,72,40,41,41,41,41,42,41,41,41,41,20,25,25,37,37,37,37,37,33,86,37,37,37,37,37,43,43,43,43,43,37,41,0,0,0,0,0,0,0,0,0]} 1. e4 {[%emt 0:00:14]} e5 {[%emt 0:00:04]} 2. Nf3 {[%emt 0:00:27]} Nc6 {[%emt 0:00:06]} 3. Bb5 {[%emt 0:01:06]} Nf6 {[%emt 0:00:07]} 4. O-O {[%emt 0:01:27][%cal Bh1f1,Bf1e1,Be1e5][%mdl 32]} Nxe4 {[%emt 0:00:09]} 5. Re1 {[%emt 0:00:24]} Nd6 {[%emt 0:00:06]} 6. Nxe5 {[%emt 0:00:10]} Be7 {[%emt 0:00:08]} 7. Bf1 {[%emt 0:00:06]} Nxe5 {[%emt 0:00:15]} 8. Rxe5 {[%emt 0:00:09]} O-O {[%emt 0:00:08]} 9. d4 {[%emt 0:00:49]} Bf6 {[%emt 0:00:06] C67: Ruy Lopez: Berlin Defence: 4 0-0 Nxe4.} 10. Re2 {[%emt 0:00:06]} b6 {[%emt 0:01:23] 10...Nc4 deserves study.} 11. Re1 {[%emt 0:00:50]} Bb7 {[%emt 0:00:14] [#]} 12. a4 $146 {[%emt 0:00:11]} ({Predecessor:} 12. Bf4 Nf5 13. c3 Re8 14. Nd2 Rxe1 15. Qxe1 g5 16. Bg3 Nxg3 17. hxg3 c5 18. Ne4 cxd4 {½-½ (31) Kryvoruchko,Y (2686)-Aronian,L (2782) Riga 2021}) 12... Bg5 {[%emt 0:05:07]} 13. Nc3 {[%emt 0:24:17]} Bxc1 {[%emt 0:00:45]} 14. Qxc1 {[%emt 0:01:20]} Qf6 {[%emt 0:03:01]} 15. Qd2 {[%emt 0:02:05]} Rae8 {[%emt 0:03:31]} 16. a5 {[%emt 0:07:08]} Ne4 {[%emt 0:02:24]} 17. Nxe4 {[%emt 0:02:45]} Rxe4 {[%emt 0:02:59]} 18. Rxe4 {[%emt 0:10:07]} Bxe4 {[%emt 0:00:16]} 19. Re1 {[%emt 0:13:31]} Bf5 {[%emt 0:08:16]} 20. Qf4 {[%emt 0:10:30]} d6 {[%emt 0:04:46]} 21. c3 {[%emt 0:00:32]} Be6 {[%emt 0:20:41]} 22. Qxf6 {[%emt 0:00:53]} gxf6 $14 {[%emt 0:00:27][%mdl 4096] Endgame KRB-KRB} 23. Ra1 {[%emt 0:07:15]} c5 {[%emt 0:02:07]} 24. d5 {[%emt 0:01:51]} Bxd5 {[%emt 0:01:07]} 25. axb6 {[%emt 0:00:09]} axb6 {[%emt 0:00:11]} 26. Rd1 {[%emt 0:00:03]} Be6 {[%emt 0:07:09]} 27. Rxd6 {[%emt 0:00:03]} Rb8 {[%emt 0:00:11]} 28. f4 {[%emt 0:08:21]} Kf8 {[%emt 0:01:05]} 29. Bb5 {[%emt 0:00:34]} Ke7 {[%emt 0:01:16]} 30. Rd2 {[%emt 0:00:06]} Rd8 {[%emt 0:03:37]} 31. Rxd8 {[%emt 0:00:07]} Kxd8 {[%emt 0:00:08] KB-KB} 32. Kf2 {[%emt 0:00:05]} Ke7 {[%emt 0:00:41]} 33. Bd3 {[%emt 0:03:33]} h6 {[%emt 0:03:51]} (33... f5 $14) 34. Kg3 {[%emt 0:00:20]} (34. f5 $16 Bd5 35. g4) 34... f5 {[%emt 0:09:26]} 35. Kf2 {[%emt 0:03:08]} Kf6 {[%emt 0:00:15]} 36. Ke3 {[%emt 0:00:54]} Bd5 {[%emt 0:00:06]} 37. g3 {[%emt 0:00:06]} Be6 {[%emt 0:06:30]} 38. Ba6 {[%emt 0:00:20]} Ke7 {[%emt 0:00:09]} 39. Kd3 {[%emt 0:00:25]} Kd6 {[%emt 0:00:40]} 40. Bb7 {[%emt 0:01:47]} Bd5 {[%emt 0:05:46] The position is equal.} 41. Bc8 {[%emt 0:03:28]} Be6 {[%emt 0:00:46]} 42. Bb7 {[%emt 0:02:32]} Bd5 {[%emt 0:00:09]} 43. Bc8 {[%emt 0:01:21]} Be6 {[%emt 0:00:08]} 44. Bb7 {[%emt 0:00:09] Weighted Error Value: White=0.07 (flawless) /Black=0.06 (flawless)} 1/2-1/2

[Event "TePe Sigeman Co 2022"]
[Site "Malmo"]
[Date "2022.05.05"]
[Round "3.4"]
[White "Van Foreest, Jorden"]
[Black "Adams, Michael"]
[Result "1/2-1/2"]
[WhiteElo "2715"]
[BlackElo "2698"]
[Annotator "TA"]
[PlyCount "68"]
[EventDate "2022.05.03"]
[EventType "tourn"]
[EventCountry "SWE"]
[SourceTitle "playchess.com"]
[Source "ChessBase"]
[SourceQuality "1"]

{[%evp 15,68,18,14,8,13,13,20,0,18,15,11,13,27,13,22,27,31,39,37,32,27,19,22,22,22,22,30,21,25,15,15,0,7,0,7,-23,0,-41,-27,-28,-14,-50,-16,-15,0,0,0,-16,-9,-21,0,-27,0,-29,0]} 1. d4 {[%emt 0:00:04]} Nf6 {[%emt 0:00:06]} 2. c4 {[%emt 0:00:13]} e6 {[%emt 0:00:07]} 3. Nc3 {[%emt 0:00:22]} d5 {[%emt 0:00:14]} 4. cxd5 {[%emt 0:00:37]} exd5 {[%emt 0:00:09]} 5. Bg5 {[%emt 0:00:29]} c6 {[%emt 0:00:14]} 6. e3 {[%emt 0:00:16]} h6 {[%emt 0:00:48]} 7. Bh4 {[%emt 0:00:11]} Be7 {[%emt 0:00:41]} 8. Bd3 {[%emt 0:00:27]} O-O {[%emt 0:01:13]} 9. Nge2 $1 {[%emt 0:00:29][%mdl 4] is now more promising than 9.Qc2. D35: Queen's Gambit Declined: Exchange Variation.} Re8 {[%emt 0:01:58]} 10. O-O {[%emt 0:00:20]} Nbd7 {[%emt 0:04:27]} 11. a4 {[%emt 0:02:19] The position is equal.} Nh5 {[%emt 0:18:19]} 12. Bxe7 {[%emt 0:00:15]} Qxe7 {[%emt 0:00:06] [#]} 13. a5 $146 {[%emt 0:00:06]} ({Predecessor:} 13. Nc1 Nhf6 14. Re1 b6 15. f3 c5 16. Bb5 Bb7 17. dxc5 bxc5 18. Nb3 Rac8 19. Na5 {0-1 (29) Balic,A (2088)-Krivokapic,M (2416) Cetinje 2009}) 13... a6 {[%emt 0:01:01]} 14. Ra3 {[%emt 0:02:12][%cal Ba1a3,Ba3b3,Bb3b4][%mdl 32]} Nf8 {[%emt 0:09:57]} 15. Na4 {[%emt 0:06:26]} Be6 {[%emt 0:03:31]} 16. Rb3 {[%emt 0:03:03]} Rad8 {[%emt 0:03:20]} 17. Qd2 {[%emt 0:10:15]} Bc8 {[%emt 0:03:54]} 18. Qb4 {[%emt 0:01:57] aiming for Nc5.} Qxb4 {[%emt 0:15:47]} (18... Qg5 {is more complex.} 19. Kh1 Nd7 20. Bc2 g6) 19. Rxb4 {[%emt 0:00:08]} g6 {[%emt 0:00:15]} 20. Nc1 {[%emt 0:09:45]} Ng7 {[%emt 0:03:37][%cal Bh5g7,Bg7e8,Be8d6][%mdl 32]} 21. Re1 {[%emt 0:12:26]} Re7 {[%emt 0:03:17]} 22. Kf1 {[%emt 0:06:23][%cal Bg1f1,Bf1e2,Be2d2][%mdl 32]} Ne8 {[%emt 0:02:04]} 23. Ke2 {[%emt 0:00:11]} Nd6 {[%emt 0:00:25]} 24. Kd2 {[%emt 0:00:14]} Bf5 {[%emt 0:01:12]} 25. Bf1 {[%emt 0:01:06]} h5 {[%emt 0:03:56]} 26. f3 {[%emt 0:00:28]} Kg7 {[%emt 0:01:58]} 27. Nc5 {[%emt 0:03:12]} Rde8 {[%emt 0:02:27]} 28. Na2 {[%emt 0:00:55]} Bc8 {[%emt 0:02:19]} (28... g5 {seems wilder.} 29. Nc3 Ne6 30. Nxe6+ Rxe6 31. Na4 R6e7) 29. Nc3 Ne6 {[%emt 0:00:44]} 30. Nxe6+ Bxe6 {[%emt 0:06:01]} 31. Rb6 Nc8 {[%emt 0:05:58]} 32. Rb4 Nd6 {[%emt 0:00:20]} 33. Rb6 Nc8 {[%emt 0:00:48]} 34. Rb4 Nd6 {Weighted Error Value: White=0.08 (flawless) /Black=0.09 (flawless)} 1/2-1/2

[Event "TePe Sigeman Co 2022"]
[Site "Malmo"]
[Date "2022.05.06"]
[Round "4.1"]
[White "Shirov, Alexei"]
[Black "Adams, Michael"]
[Result "1/2-1/2"]
[WhiteElo "2695"]
[BlackElo "2698"]
[Annotator "TA"]
[PlyCount "66"]
[EventDate "2022.05.03"]
[EventType "tourn"]
[EventCountry "SWE"]
[SourceTitle "playchess.com"]
[Source "ChessBase"]
[SourceQuality "1"]

{[%evp 15,66,10,12,13,18,16,15,22,21,28,24,21,21,14,19,0,0,-17,-30,-33,-2,0,-13,-6,12,0,3,-26,-31,-37,-12,-22,-12,-20,0,0,0,-77,0,-7,0,0,0,0,0,0,14,0,0,0,19,0,0]} 1. e4 {[%emt 0:00:02]} e5 {[%emt 0:00:06]} 2. Nf3 {[%emt 0:00:04]} Nc6 {[%emt 0:00:06]} 3. Bb5 {[%emt 0:00:06]} a6 {[%emt 0:00:05]} 4. Ba4 {[%emt 0:00:05]} Nf6 {[%emt 0:00:05]} 5. O-O {[%emt 0:00:16]} Be7 {[%emt 0:00:16]} 6. d3 {[%emt 0:00:09]} b5 {[%emt 0:00:06]} 7. Bb3 {[%emt 0:00:09]} d6 {[%emt 0:00:23]} 8. a4 {[%emt 0:00:14]} b4 {[%emt 0:00:07]} 9. Nbd2 {[%emt 0:00:13] C84: Closed Ruy Lopez: Unusual White 6th moves.} O-O {[%emt 0:00:22]} 10. Nc4 {[%emt 0:00:50]} Be6 {[%emt 0:00:59]} 11. c3 {[%emt 0:08:06]} bxc3 {[%emt 0:02:24]} 12. bxc3 {[%emt 0:00:06]} Rb8 {[%emt 0:00:53]} 13. Ba2 {[%emt 0:09:04]} h6 {[%emt 0:01:07]} 14. Re1 {[%emt 0:15:40]} Re8 {[%emt 0:07:00] [#]} 15. Ba3 $146 {[%emt 0:16:54]} ({Predecessor:} 15. Bd2 Bf8 16. h3 Qc8 17. Qc2 Ne7 18. Ne3 Ng6 19. Rab1 Qd7 20. Bxe6 Qxe6 21. c4 c6 22. Rxb8 Rxb8 23. Rb1 Rxb1+ 24. Qxb1 d5 25. cxd5 {½-½ (25) Jakovenko,D (2748)-Adams,M (2742) Germany 2016}) 15... Bf8 {[%emt 0:08:49]} 16. d4 {[%emt 0:04:07]} exd4 {[%emt 0:08:20]} 17. cxd4 {[%emt 0:00:05] [#] And now d5 would win.} d5 {[%emt 0:09:28]} 18. Bxf8 {[%emt 0:00:11]} Rxf8 {[%emt 0:02:37]} 19. exd5 {[%emt 0:24:49]} Bxd5 {[%emt 0:11:37]} 20. Nfe5 {[%emt 0:00:31]} Nb4 {[%emt 0:02:28]} 21. Bb1 {[%emt 0:00:21]} Bxc4 {[%emt 0:05:01]} 22. Nxc4 {[%emt 0:00:07]} Nc6 {[%emt 0:00:05]} (22... Re8 $5 {[%cal Re8e1]}) 23. Ne5 {[%emt 0:03:43]} Nxd4 {[%emt 0:00:20]} 24. Ba2 {[%emt 0:01:55]} Rb2 {[%emt 0:06:09][%cal Od4e2] Hoping for ...Ne2+!} 25. Bc4 {[%emt 0:05:35] Inhibits Ne2+.} Qd6 {[%emt 0:06:01]} 26. Qd3 {[%emt 0:02:07] [#]} (26. Rb1 $11 {keeps the balance.} Rb4 27. a5) 26... c5 {[%emt 0:12:13]} (26... Nc2 $1 $17 {[%cal Rc2a1]} 27. Qc3 Qb4 28. Qxb4 Rxb4) 27. Rac1 {[%emt 0:03:33] The position is equal.} Nd5 {[%emt 0:06:03]} 28. Qe4 {[%emt 0:02:19]} Rd8 {[%emt 0:00:32]} 29. Rb1 {[%emt 0:02:27] Dancing on a razor blade.} Rxb1 {[%emt 0:03:39]} 30. Qxb1 {[%emt 0:00:13]} Re8 {[%emt 0:03:58]} 31. Qe4 {[%emt 0:00:44][%mdl 1024] White has compensation.} Rd8 $1 {[%emt 0:00:02]} 32. Qb1 {[%emt 0:00:20]} Re8 {[%emt 0:00:01]} 33. Qe4 {[%emt 0:00:05]} Rd8 {Weighted Error Value: White=0.12 (very precise) /Black=0.08 (flawless)} 1/2-1/2

[Event "TePe Sigeman Co 2022"]
[Site "Malmo"]
[Date "2022.05.06"]
[Round "4.2"]
[White "Navara, David"]
[Black "Van Foreest, Jorden"]
[Result "1/2-1/2"]
[WhiteElo "2682"]
[BlackElo "2715"]
[Annotator "TA"]
[PlyCount "78"]
[EventDate "2022.05.03"]
[EventType "tourn"]
[EventCountry "SWE"]
[SourceTitle "playchess.com"]
[Source "ChessBase"]
[SourceQuality "1"]

{[%evp 16,78,17,23,22,31,31,29,39,13,10,14,11,8,20,0,-11,-9,-9,-13,-8,-14,-16,-22,-14,-17,-16,-20,-17,-23,-16,-24,-16,-23,-22,-32,-16,-23,-29,-29,-17,-35,-20,-41,0,-8,0,0,0,0,0,0,0,0,0,0,0,0,0,0,0,0,0,0,0]} 1. d4 {[%emt 0:00:01]} d5 {[%emt 0:00:21]} 2. c4 {[%emt 0:00:06]} dxc4 {[%emt 0:00:10]} 3. Nf3 {[%emt 0:02:34]} Nf6 {[%emt 0:00:12]} 4. e3 {[%emt 0:00:08]} e6 {[%emt 0:00:08]} 5. Bxc4 {[%emt 0:00:17]} c5 {[%emt 0:00:10]} 6. O-O {[%emt 0:00:18]} a6 {[%emt 0:00:09]} 7. b3 {[%emt 0:02:43]} Nc6 {[%emt 0:00:49]} 8. Bb2 {[%emt 0:01:19]} cxd4 {[%emt 0:03:12]} 9. Nxd4 {[%emt 0:00:14]} Bd7 {[%emt 0:02:56] D27: Queen's Gambit Accepted: Classical main line: 7 e4!? and 7 a4.} 10. Nf3 {[%emt 0:00:53]} Be7 {[%emt 0:00:16]} 11. Nbd2 {[%emt 0:00:18]} O-O {[%emt 0:00:14] White has an edge.} 12. Qb1 {[%emt 0:02:36]} Qa5 {[%emt 0:05:35] [#]} 13. Ne4 $146 {[%emt 0:10:08]} ({Predecessor:} 13. a3 Rad8 14. b4 Qh5 15. Ne4 Nxe4 16. Qxe4 Qg6 17. Qf4 Bc8 18. e4 Bd6 19. Qe3 {1-0 (60) Tabatabaei,M (2590)-Sasikiran,K (2666) Hamedan 2018}) 13... Nxe4 {[%emt 0:02:26]} 14. Qxe4 {[%emt 0:00:09]} Qf5 {[%emt 0:03:17]} 15. Bd3 {[%emt 0:00:58]} Qxe4 {[%emt 0:05:15]} 16. Bxe4 {[%emt 0:00:12]} f5 {[%emt 0:07:54]} 17. Bd3 {[%emt 0:01:16]} Rfd8 {[%emt 0:00:42]} 18. Rfd1 {[%emt 0:01:54]} Kf7 {[%emt 0:02:03]} 19. Bc4 {[%emt 0:14:23]} Bf6 {[%emt 0:01:31]} (19... Be8 {with more complications.} 20. h3 Bf6 21. Bxf6 Kxf6 22. g4 h6) 20. Bxf6 {[%emt 0:00:54]} Kxf6 {[%emt 0:00:05]} 21. Kf1 {[%emt 0:16:58]} (21. Rd6 {looks sharper.} Ke7 22. Rad1 b5 23. Be2) 21... Be8 {[%emt 0:04:18]} 22. Be2 {[%emt 0:02:27]} g5 {[%emt 0:00:09]} 23. Ne1 {[%emt 0:04:04][%cal Bf3e1,Be1d3,Bd3b2,Bb2c4,Bc4b6][%mdl 32]} Rac8 {[%emt 0:08:04]} 24. Nd3 {[%emt 0:04:06]} Ne7 {[%emt 0:00:37]} 25. Rdc1 {[%emt 0:04:51]} a5 {[%emt 0:06:46]} 26. Ke1 {[%emt 0:08:18]} Bc6 {[%emt 0:01:40]} 27. g3 {[%emt 0:01:00]} g4 {[%emt 0:03:41]} 28. Nb2 {[%emt 0:03:32]} Bg2 {[%emt 0:07:39]} 29. Nc4 {[%emt 0:02:28]} Rc5 {[%emt 0:02:12]} 30. Nb6 {[%emt 0:00:17] The position is equal.} Rc6 {[%emt 0:01:05]} 31. Rxc6 {[%emt 0:00:51]} Nxc6 {[%emt 0:00:17]} 32. Rd1 {[%emt 0:00:22]} Ke7 {[%emt 0:07:58]} 33. a3 {[%emt 0:02:51]} Rxd1+ {[%emt 0:03:13]} 34. Kxd1 $11 {[%emt 0:00:16][%mdl 4096] Endgame KBN-KBN} Kd6 {[%emt 0:00:13]} 35. Kc2 {[%emt 0:06:59]} Kc7 {[%emt 0:01:06]} 36. Na8+ {[%emt 0:00:38]} Kd6 {[%emt 0:01:12][%cal Ob7b5] [#] Strongly threatening ...b5!} 37. Nb6 {[%emt 0:00:09]} Kc7 {[%emt 0:00:29]} 38. Na8+ {[%emt 0:00:09]} Kd6 {[%emt 0:00:05][%cal Ob7b5] aiming for ...b5!} (38... Kb8 $5 39. Nb6 Kc7 $11) 39. Nb6 {[%emt 0:00:06]} Kc7 {[%emt 0:00:07] Weighted Error Value: White=0.05 (flawless) /Black=0.04 (flawless)} 1/2-1/2

[Event "TePe Sigeman Co 2022"]
[Site "Malmo"]
[Date "2022.05.06"]
[Round "4.3"]
[White "Erigaisi Arjun"]
[Black "Grandelius, Nils"]
[Result "1/2-1/2"]
[WhiteElo "2675"]
[BlackElo "2635"]
[Annotator "TA"]
[PlyCount "77"]
[EventDate "2022.05.03"]
[EventType "tourn"]
[EventCountry "SWE"]
[SourceTitle "playchess.com"]
[Source "ChessBase"]
[SourceQuality "1"]

{[%evp 12,77,37,0,7,0,6,8,24,20,26,28,52,34,43,9,22,27,33,8,6,8,7,0,0,0,0,-8,0,-13,18,18,18,4,48,0,0,0,6,4,0,0,3,0,0,0,0,0,0,0,0,0,25,25,25,11,11,3,10,3,10,0,0,0,10,0,0,0]} 1. e4 {[%emt 0:00:03]} e5 {[%emt 0:00:45]} 2. Nf3 {[%emt 0:00:07]} Nc6 {[%emt 0:00:03]} 3. d4 {[%emt 0:00:06]} exd4 {[%emt 0:00:05]} 4. Nxd4 {[%emt 0:00:05]} Bc5 {[%emt 0:00:42]} 5. Be3 {[%emt 0:00:07]} Qf6 {[%emt 0:01:24]} 6. c3 {[%emt 0:00:07]} Nge7 {[%emt 0:05:03]} 7. Bb5 {[%emt 0:00:08]} Bb6 {[%emt 0:16:53] C45: Scotch Game.} 8. O-O {[%emt 0:00:25]} O-O {[%emt 0:00:08]} 9. a4 {[%emt 0:00:05][%cal Ba2a4,Ba4a5][%mdl 32]} d5 {[%emt 0:11:30]} 10. Bxc6 {[%emt 0:00:21]} bxc6 {[%emt 0:00:36]} 11. a5 {[%emt 0:00:05]} Bc5 {[%emt 0:04:47]} 12. Nd2 {[%emt 0:00:19]} Bd6 {[%emt 0:06:05]} 13. Qh5 {[%emt 0:11:10] [#]} (13. f4 $5 {[%cal Re4e5]} dxe4 14. Nxe4 $11) 13... Qg6 $146 {[%emt 0:08:55]} ({Predecessor:} 13... Bd7 14. Rad1 Rfe8 15. Rfe1 Qg6 16. Qxg6 Nxg6 17. exd5 cxd5 18. b4 c5 19. bxc5 Bxc5 {0-1 (75) Odeev,H (2405)-Khusenkhojaev,M (2424) Tashkent 2017}) 14. Qxg6 {[%emt 0:00:26]} hxg6 {[%emt 0:00:05]} 15. N4b3 {[%emt 0:11:15]} dxe4 {[%emt 0:05:15]} 16. Nxe4 {[%emt 0:00:24]} Nf5 {[%emt 0:03:00]} 17. Bc1 {[%emt 0:06:44]} Be6 {[%emt 0:03:02]} 18. Nbc5 {[%emt 0:01:19]} Bd5 {[%emt 0:00:43]} 19. f3 {[%emt 0:08:34]} Rfe8 {[%emt 0:00:46]} 20. Bd2 {[%emt 0:01:58]} Be5 {[%emt 0:04:54]} 21. Rfe1 {[%emt 0:01:06]} Nd6 {[%emt 0:05:32]} 22. Nxd6 {[%emt 0:00:25]} Bxd6 {[%emt 0:03:27]} 23. b4 {[%emt 0:02:57]} (23. Nb7 $1 $14 {is more appropriate.}) 23... Bxc5+ {[%emt 0:04:52]} 24. bxc5 {[%emt 0:00:06]} a6 {[%emt 0:01:30]} 25. Bf4 {[%emt 0:01:04]} Rxe1+ {[%emt 0:01:29]} 26. Rxe1 $11 {[%emt 0:00:06][%mdl 4096] Endgame KRB-KRB} Rb8 $1 {[%emt 0:00:05]} 27. Bxc7 {[%emt 0:00:18]} Rb3 {[%emt 0:00:21]} 28. Re8+ {[%emt 0:00:18]} Kh7 {[%emt 0:00:02]} 29. Re3 {[%emt 0:00:08]} g5 {[%emt 0:01:35]} 30. Kf2 {[%emt 0:00:06]} Rb2+ {[%emt 0:01:33]} 31. Re2 {[%emt 0:00:07]} Rxe2+ {[%emt 0:00:22]} 32. Kxe2 {[%emt 0:00:05] KB-KB} Kg6 {[%emt 0:00:06]} 33. Kf2 {[%emt 0:00:06]} f6 {[%emt 0:00:04] The position is equal.} 34. h3 {[%emt 0:00:06]} Kf7 {[%emt 0:00:03]} 35. Bd6 {[%emt 0:00:06]} Ke6 {[%emt 0:00:05]} 36. Bf8 {[%emt 0:00:05]} Kf7 {[%emt 0:00:02]} 37. Bd6 {[%emt 0:00:07]} Ke6 {[%emt 0:00:02]} 38. Bf8 {[%emt 0:00:06]} Kf7 {[%emt 0:00:02]} 39. Bd6 {[%emt 0:00:07] Weighted Error Value: White=0.08 (flawless) /Black=0.04 (flawless)} 1/2-1/2